The Fishing industry in Malaysia : its development and critical appraisal of the government's policies /
محفوظ في:
| المؤلف الرئيسي: | |
|---|---|
| التنسيق: | أطروحة |
| اللغة: | English |
| منشور في: |
Petaling Jaya
: International Islamic University Malaysia,
1987
|
| الموضوعات: | |
| الوصول للمادة أونلاين: | Click here to view 1st 24 pages of the thesis. Members can view fulltext at the specified PCs in the library. |
| الوسوم: |
إضافة وسم
لا توجد وسوم, كن أول من يضع وسما على هذه التسجيلة!
|
| LEADER | 017950000a22003370004500 | ||
|---|---|---|---|
| 001 | 65246 | ||
| 005 | 20091019154900.0 | ||
| 008 | 930222s1987 eng | ||
| 035 | |a 235662 | ||
| 035 | |a (Sirsi) 65246 | ||
| 040 | |a UIAM |b eng | ||
| 049 | |b m | ||
| 050 | |a SH307M3 | ||
| 100 | 0 | |a Zambry Abd. Kadir | |
| 245 | 1 | 4 | |a The Fishing industry in Malaysia : |b its development and critical appraisal of the government's policies / |c Zambry Abd. Kadir |
| 260 | 1 | |a Petaling Jaya |b : International Islamic University Malaysia, |c 1987 | |
| 300 | |a 150p. | ||
| 500 | |a "A project paper submitted to the Kulliyyah of Economics, International Islamic University in partial fulfillment of the requirement for a degree in Bachelor of Economics."--On t.p. | ||
| 502 | |a Project paper (B. Econs.) - International Islamic University, Malaysia | ||
| 533 | |a Photocopy | ||
| 596 | |a 1 | ||
| 650 | 0 | |a Fishery policy |z Malaysia | |
| 650 | 0 | |a Fisheries policy |z Malaysia | |
| 651 | 0 | |a Malaysia |x Economic policy | |
| 710 | 2 | |a International Islamic University Malaysia. |b Kulliyyah of Economics and Management Sciences | |
| 856 | 4 | |u http://studentrepo.iium.edu.my/handle/123456789/3282 |z Click here to view 1st 24 pages of the thesis. Members can view fulltext at the specified PCs in the library. | |
| 900 | |a nm-zmy-naw | ||
| 999 | |c 430229 |d 461720 | ||
| 952 | |0 0 |6 T SH307M3Z24F 1987 |7 0 |8 THESES |9 749367 |a IIUM |b IIUM |c MULTIMEDIA |g 0.00 |o t SH307M3Z24F 1987 |p 00010981391 |r 2017-10-20 |t 1 |v 0.00 |y THESIS | ||
| 952 | |0 0 |6 LU T SH307M3Z24F 1987 |7 0 |8 THESES |9 749368 |a IIUM |b IIUM |c CLOSEACCES |g 0.00 |o lu t SH307M3Z24F 1987 |p 00000104129 |r 2017-10-25 |t 1 |v 0.00 |y THESIS | ||
| 952 | |0 0 |6 TS CDF SH307M3Z24F 1987 |7 0 |8 THESES |9 787344 |a IIUM |b IIUM |c MULTIMEDIA |g 0.00 |o ts cdf SH307M3Z24F 1987 |p 00010983202 |r 2017-10-26 |t 1 |v 0.00 |y THESISDIG | ||
